• 首页
  • 本馆介绍
  • 公告通知
  • 最新文献
  • 馆藏检索
  • 电子资源
  • 读者导购
  • 参考咨询
  • 我的图书馆
  • 登录
  • 详细信息显示
  • 放入我的书架
  • 预约/预借图书
  • 作者相关作品
  • 分类相关作品
  • 丛书相关作品
  • 出版社相关作品

书目信息

  • 表格格式
  • 工作单格式
  • 卡片格式
题名:
千秋红岩
    
 
作者: ;重庆红岩联线文化研究发展中心编
分册:  
出版信息: 北京   人民出版社  2005
页数: 163页
开本: 23cm
丛书名:
单 册:
中图分类: D642
科图分类:
主题词: 革命传统教育--中国--学习参考资料
电子资源:
ISBN: 7-01-004895-9
000 01188nam0 2200301 450
000 01151nam0 2200289 450
000 01120nam0 2200289 450
000 01066nam0 2200265 450
000 01084nam0 2200253 450
000 01047nam0 2200241 45
001 TS2006024192
005 20070106100658.14
010    @a7-01-004895-9@dCNY21.00
100    @a20060829d2005 ekmy0chiy0120 ea
101 0  @achi
102    @aCN@b110000
105    @afh z 000yy
200 1  @a千秋红岩@AQian Qiu Hong Yan@f重庆红岩联线文化研究发展中心编@FChong Qing Hong Yan Lian Xian Wen Hua Yan Jiu Fa Zhan Zhong Xin Bian
210    @a北京@c人民出版社@d2005
215    @a163页@c图,肖像,摹真@d23cm
330    @a本书分红岩历史、红岩点滴记录、红岩精神三部分,包括“大有农场”的由来、“红色三岩”的形成、高举抗战民主旗帜、周恩来与卡尔大使等。
606 0  @a革命传统教育@y中国@x学习参考资料
690    @aD642@v4
711 02 @a重庆红岩联线文化研究发展中心编@AChong Qing Hong Yan Lian Xian Wen Hua Yan Jiu Fa Zhan Zhong Xin Bian
801  0 @aCN@b中图数据@c20070106
905    @a10447@dD642@e112
    
    千秋红岩/重庆红岩联线文化研究发展中心编.-北京:人民出版社,2005
    163页:图,肖像,摹真;23cm
    
    
    ISBN 7-01-004895-9:CNY21.00
    本书分红岩历史、红岩点滴记录、红岩精神三部分,包括“大有农场”的由来、“红色三岩”的形成、高举抗战民主旗帜、周恩来与卡尔大使等。
●
相关链接 在E读中查询图书 在五车中查询图书 在当当中查询图书 在豆瓣中查询图书


正题名:千秋红岩     索取号:D642/112         预约/预借

序号 登录号 条形码 馆藏地/架位号 状态 备注
1 0604760   206047605   第一样本阅览室/ [索取号:D642/112] 在馆    
2 0604761   206047614   第一借阅区/ [索取号:D642/112] 在馆    
3 0604762   206047623   第一借阅区/ [索取号:D642/112] 在馆    
4 0604763   206047632   第一借阅区/ [索取号:D642/112] 在馆    
5 0604764   206047641   第一借阅区/ [索取号:D642/112] 在馆    
唐山师范学院图书馆 欢迎您!
大连网信软件有限公司© 版权所有